[Event "Championnat de France - Accession"]
[Site "Aix-les-Bains"]
[Date "2007.??.??"]
[Round "8.19"]
[White "Bailet, Pierre"]
[Black "Le Goff, Damien"]
[Result "1-0"]
[WhiteElo "2169"]
[BlackElo "2281"]
[PlyCount "65"]
[EventDate "2007.??.??"]

1. Nf3 Nf6 2. c4 e6 3. g3 b6 4. d4 Ba6 5. b3 Bb4+ 6. Bd2 Be7 7. Bg2 c6 8. Bc3
d5 9. Ne5 Nfd7 10. Nxd7 Nxd7 11. Nd2 Nf6 12. O-O O-O 13. e4 dxe4 14. Nxe4 Rc8
15. Re1 Qc7 16. d5 Nxe4 17. Bxe4 f5 18. Bg2 cxd5 19. Be5 Bd6 20. Bxd6 Qxd6 21.
Rxe6 Qc7 22. Bxd5 Kh8 23. Qe2 Rcd8 24. Qe5 Qxe5 25. Rxe5 Rd7 26. Rae1 g6 27.
Re7 Rfd8 28. a4 Bc8 29. Re8+ Kg7 30. R1e7+ Kf6 31. Rxd8 Rxd8 32. Rxa7 h5 33. f4
1-0

[Event "Championnat de France - Accession"]
[Site "Aix-les-Bains"]
[Date "2007.??.??"]
[Round "8.22"]
[White "Buscara, Sevan"]
[Black "Alanic, Xavier"]
[Result "1-0"]
[WhiteElo "2048"]
[BlackElo "2251"]
[PlyCount "73"]
[EventDate "2007.??.??"]

1. d4 b6 2. e4 Bb7 3. Bd3 g6 4. Nf3 Bg7 5. O-O d5 6. e5 c5 7. e6 f6 8. c3 Qd6
9. Re1 Nc6 10. dxc5 bxc5 11. Qa4 c4 12. Bf1 Bh6 13. Nbd2 Kf8 14. b3 Ne5 15.
Nxe5 fxe5 16. bxc4 Qxe6 17. Nf3 e4 18. cxd5 Qxd5 19. Bc4 Qc6 20. Bb5 Qf6 21.
Nd4 e5 22. Nb3 Bxc1 23. Nc5 Kg7 24. Raxc1 Bd5 25. c4 e3 26. Rxe3 Bf7 27. Nd7
Qg5 28. Nxe5 Nh6 29. Nxf7 Nxf7 30. Rce1 Rhf8 31. Bc6 Rac8 32. Bd5 Rc7 33. Qa5
Rxc4 34. Qb5 Rd4 35. Qb2 Qf6 36. Re6 Qf4 37. R6e4 1-0

[Event "Championnat de France - Accession"]
[Site "Aix-les-Bains"]
[Date "2007.??.??"]
[Round "9.1"]
[White "Shirazi, Kamran"]
[Black "Vitoux, Colomban"]
[Result "0-1"]
[WhiteElo "2401"]
[BlackElo "2343"]
[PlyCount "70"]
[EventDate "2007.??.??"]

1. e4 e6 2. d4 d5 3. Nc3 Bb4 4. exd5 exd5 5. Bd3 Nc6 6. Be3 Nge7 7. Qf3 Be6 8.
Nh3 Qd7 9. Ng5 Bf5 10. g4 Bg6 11. h4 f6 12. Nh3 Bxd3 13. cxd3 O-O-O 14. a3 Ba5
15. Nf4 f5 16. g5 Ng6 17. Nxg6 hxg6 18. b4 Bb6 19. Ne2 Rde8 20. Kf1 f4 21. Qxf4
Ne7 22. Qf3 Nf5 23. Kg1 Rxh4 24. Rc1 Rxh1+ 25. Kxh1 Qe7 26. a4 Nxe3 27. fxe3
Qxe3 28. Qg4+ Kd8 29. a5 Qxe2 30. Qxe2 Rxe2 31. axb6 axb6 32. Ra1 Kd7 33. Ra8
Re8 34. Ra7 Rf8 35. Rxb7 Ra8 0-1

[Event "Championnat de France - Accession"]
[Site "Aix-les-Bains"]
[Date "2007.??.??"]
[Round "9.2"]
[White "Cossin, Sebastien"]
[Black "Collas, Didier"]
[Result "0-1"]
[WhiteElo "2433"]
[BlackElo "2458"]
[PlyCount "82"]
[EventDate "2007.??.??"]

1. d4 d5 2. c4 c6 3. Nf3 Nf6 4. Nc3 a6 5. c5 Nbd7 6. Bf4 Nh5 7. e3 b6 8. b4
Nxf4 9. exf4 e6 10. Bd3 a5 11. b5 Bb7 12. cxb6 Bb4 13. O-O Bxc3 14. Rc1 Qxb6
15. Rxc3 cxb5 16. Bb1 g6 17. Re1 O-O 18. h4 Rfc8 19. Rce3 Rc4 20. Bd3 Nf6 21.
h5 Nxh5 22. Bxc4 dxc4 23. f5 exf5 24. Re8+ Rxe8 25. Rxe8+ Kg7 26. Qe1 Nf6 27.
Qe5 c3 28. Re7 Bd5 29. Ne1 Bxa2 30. d5 Bxd5 31. Qxc3 b4 32. Qa1 b3 33. Nd3 Be4
34. Nb2 Qd4 35. Qc1 Ng4 36. Nd1 Nxf2 37. Qc3 Qxc3 38. Nxc3 Ng4 39. Nxe4 fxe4
40. Rb7 a4 41. Rb4 Ne5 0-1

[Event "Championnat de France - Accession"]
[Site "Aix-les-Bains"]
[Date "2007.??.??"]
[Round "9.3"]
[White "Robin, Samy"]
[Black "Terrieux, Kevin"]
[Result "1/2-1/2"]
[WhiteElo "2321"]
[BlackElo "2331"]
[PlyCount "32"]
[EventDate "2007.??.??"]

1. e4 c5 2. Nf3 d6 3. d4 cxd4 4. Nxd4 Nf6 5. Nc3 a6 6. f3 e6 7. Be3 b5 8. Qd2
Bb7 9. Nb3 Nbd7 10. Bd3 d5 11. exd5 Nxd5 12. Nxd5 Bxd5 13. O-O Ne5 14. Nc5 Nxd3
15. Qxd3 Bd6 16. Ne4 O-O 1/2-1/2

[Event "Championnat de France - Accession"]
[Site "Aix-les-Bains"]
[Date "2007.??.??"]
[Round "9.4"]
[White "Bedouin, Xavier"]
[Black "Riff, Vincent"]
[Result "1/2-1/2"]
[WhiteElo "2357"]
[BlackElo "2308"]
[PlyCount "80"]
[EventDate "2007.??.??"]

1. e4 c5 2. Nf3 e6 3. c3 Nf6 4. e5 Nd5 5. d4 cxd4 6. cxd4 d6 7. Bc4 Nb6 8. Bb3
dxe5 9. Nxe5 Nc6 10. Nxc6 bxc6 11. O-O Be7 12. Nc3 O-O 13. Bf4 Ba6 14. Re1 Bc4
15. Bc2 Nd5 16. Be5 f5 17. Bb3 Bxb3 18. Qxb3 Qb6 19. Qc2 Rfd8 20. Rac1 Bg5 21.
Na4 Qa5 22. Rcd1 Rac8 23. b3 Be7 24. Qe2 Bb4 25. Rf1 Re8 26. Rc1 Qd8 27. Rc2
Qg5 28. Rd1 f4 29. Qf3 c5 30. Qe4 cxd4 31. Rxc8 Rxc8 32. Bxd4 Qg6 33. Qxg6 hxg6
34. Bb2 Rc2 35. h3 Nb6 36. Rc1 Rxc1+ 37. Bxc1 Nxa4 38. bxa4 e5 39. Kf1 Kf7 40.
Ke2 Ke6 1/2-1/2

[Event "Championnat de France - Accession"]
[Site "Aix-les-Bains"]
[Date "2007.??.??"]
[Round "9.5"]
[White "Moussard, Jules"]
[Black "Jolly, Jean-Francois"]
[Result "1/2-1/2"]
[WhiteElo "2239"]
[BlackElo "2315"]
[PlyCount "45"]
[EventDate "2007.??.??"]

1. e4 e5 2. Nc3 Nf6 3. f4 d5 4. fxe5 Nxe4 5. Qf3 Nc6 6. Bb5 Nxc3 7. dxc3 a6 8.
Bxc6+ bxc6 9. Ne2 Qh4+ 10. Ng3 Be7 11. O-O O-O 12. Nf5 Bxf5 13. Qxf5 Bc5+ 14.
Kh1 Rae8 15. Bf4 Qe7 16. Qd3 a5 17. Rae1 Qe6 18. Bg3 Qg6 19. Rf5 f6 20. exf6
Rxe1+ 21. Bxe1 Rxf6 22. Rxf6 Qxf6 23. Qe2 1/2-1/2

[Event "Championnat de France - Accession"]
[Site "Aix-les-Bains"]
[Date "2007.??.??"]
[Round "9.6"]
[White "Riff, Jean-Noel"]
[Black "Fayard, Alain"]
[Result "1-0"]
[WhiteElo "2460"]
[BlackElo "2305"]
[PlyCount "47"]
[EventDate "2007.??.??"]

1. e4 c5 2. Nf3 d6 3. d4 cxd4 4. Nxd4 Nf6 5. Nc3 Nc6 6. Bg5 Bd7 7. f3 a6 8. Qd2
Nxd4 9. Qxd4 Qa5 10. Bd2 e5 11. Qf2 Qc7 12. g4 Be6 13. g5 Nd7 14. h4 O-O-O 15.
Be3 Kb8 16. O-O-O Be7 17. Bh3 Rc8 18. Nd5 Bxd5 19. Rxd5 Rhf8 20. Rhd1 Rcd8 21.
R1d3 Qc6 22. Rc3 Qa4 23. Bb6 Qxa2 24. Ra5 1-0

[Event "Championnat de France - Accession"]
[Site "Aix-les-Bains"]
[Date "2007.??.??"]
[Round "9.7"]
[White "Therkildsen, Thomas"]
[Black "Benitah, Yohan"]
[Result "0-1"]
[WhiteElo "2310"]
[BlackElo "2421"]
[PlyCount "52"]
[EventDate "2007.??.??"]

1. e4 c5 2. c3 d6 3. d4 Nf6 4. f3 cxd4 5. cxd4 Nc6 6. Nc3 g6 7. d5 Ne5 8. f4
Ned7 9. Nf3 Qb6 10. Qe2 Bg7 11. e5 Ng4 12. Ng5 Nh6 13. e6 Nc5 14. f5 f6 15. Nf3
Nxf5 16. g4 Nh6 17. Qg2 Qb4 18. Rg1 f5 19. Bxh6 Bxc3+ 20. bxc3 Qxc3+ 21. Bd2
Qxa1+ 22. Kf2 Qxa2 23. gxf5 Qxd5 24. Bb5+ Kd8 25. Ba5+ b6 26. Bc3 Ne4+ 0-1

[Event "Championnat de France - Accession"]
[Site "Aix-les-Bains"]
[Date "2007.??.??"]
[Round "9.8"]
[White "Rainfray, Arnaud"]
[Black "Guilleux, Fabien"]
[Result "1-0"]
[WhiteElo "2393"]
[BlackElo "2203"]
[PlyCount "89"]
[EventDate "2007.??.??"]

1. d4 Nf6 2. Nc3 d5 3. Bg5 c6 4. Bxf6 exf6 5. e3 Bd6 6. Bd3 Qe7 7. Qf3 Nd7 8.
Nge2 g6 9. e4 dxe4 10. Nxe4 Bc7 11. O-O-O f5 12. N4c3 Nb6 13. Rhe1 Be6 14. Qe3
Nc4 15. Bxc4 Bxc4 16. Qxe7+ Kxe7 17. d5 Kf6 18. b3 Ba6 19. dxc6 bxc6 20. Nd4
Bb7 21. Na4 Bb6 22. Nxb6 axb6 23. Nxc6 Rhe8 24. Rd6+ Kg5 25. Rxe8 Rxe8 26. Kd2
Re6 27. Rxe6 fxe6 28. Nd8 Bxg2 29. Nxe6+ Kf6 30. Nf8 h5 31. f4 Bc6 32. a4 h4
33. c4 Kg7 34. Ne6+ Kh6 35. Ke3 Kh5 36. h3 Bg2 37. Ng5 Bc6 38. Nf3 Bd7 39. Ne5
Be6 40. Nf3 Bd7 41. Kd4 Bc6 42. Ng5 Bg2 43. b4 Bxh3 44. Nxh3 Kg4 45. a5 1-0

[Event "Championnat de France - Accession"]
[Site "Aix-les-Bains"]
[Date "2007.??.??"]
[Round "9.9"]
[White "Vernay, Clovis"]
[Black "Moucheroud, Jeremy"]
[Result "1-0"]
[WhiteElo "2381"]
[BlackElo "1982"]
[PlyCount "61"]
[EventDate "2007.??.??"]

1. d4 d5 2. c4 e6 3. Nc3 c6 4. e4 Bb4 5. cxd5 exd5 6. e5 Bf5 7. Qb3 Qb6 8. Nf3
Nd7 9. Be2 Ne7 10. O-O Ba5 11. Qd1 Ng6 12. a3 Qd8 13. b4 Bc7 14. b5 Nb6 15. a4
O-O 16. a5 Nc4 17. a6 Bc8 18. axb7 Bxb7 19. bxc6 Bxc6 20. Bd3 h6 21. Qc2 Ne7
22. Qe2 Nb6 23. Ba3 Re8 24. Rfc1 Ng6 25. Bxg6 fxg6 26. Bc5 Qd7 27. Qc2 Re6 28.
h4 Bd8 29. Ne2 Qf7 30. Qd2 Nc4 31. Rxc4 1-0

[Event "Championnat de France - Accession"]
[Site "Aix-les-Bains"]
[Date "2007.??.??"]
[Round "9.10"]
[White "Lagarde, Maxime"]
[Black "Chomet, Pascal"]
[Result "1-0"]
[WhiteElo "2200"]
[BlackElo "2353"]
[PlyCount "62"]
[EventDate "2007.??.??"]

1. e4 g6 2. d4 Bg7 3. Nc3 d6 4. f4 Nf6 5. Nf3 O-O 6. Bd3 Na6 7. e5 Nd7 8. Be3
c5 9. Bxa6 cxd4 10. Bxd4 dxe5 11. fxe5 bxa6 12. Qe2 e6 13. O-O Bb7 14. Ne4 Qa5
15. Rae1 Bxe4 16. Qxe4 Qxa2 17. Ng5 Qd5 18. Qxd5 exd5 19. Bc3 h6 20. Nxf7 Rfe8
21. e6 Nc5 22. Bxg7 Kxg7 23. c4 dxc4 24. e7 Nb7 25. Re6 Nc5 26. Re3 Nb7 27. Re6
Nc5 28. Re3 Nb7 29. g4 Rac8 30. g5 Rc7 31. gxh6+ Kg8 1-0

[Event "Championnat de France - Accession"]
[Site "Aix-les-Bains"]
[Date "2007.??.??"]
[Round "9.12"]
[White "Blum, Nicolas"]
[Black "Bujisho, Benjamin"]
[Result "0-1"]
[WhiteElo "2166"]
[BlackElo "2384"]
[PlyCount "82"]
[EventDate "2007.??.??"]

1. e4 c5 2. Nf3 e6 3. d4 cxd4 4. Nxd4 Nc6 5. Nc3 Qc7 6. Be2 a6 7. O-O b5 8. Re1
Bb7 9. Nxc6 dxc6 10. e5 Rd8 11. Bd3 Ne7 12. Qh5 Nd5 13. Bg5 Rd7 14. Ne4 h6 15.
Rad1 Qxe5 16. Qh4 Qc7 17. Ng3 Rg8 18. Bc1 Be7 19. Qg4 c5 20. Nh5 g6 21. Nf4
Nxf4 22. Bxf4 h5 23. Qg3 Qc6 24. f3 f5 25. c4 Kf7 26. cxb5 axb5 27. a4 c4 28.
axb5 Qb6+ 29. Be3 Bc5 30. Bxc4 Bxe3+ 31. Kh1 Rxd1 32. Rxd1 Rd8 33. Bxe6+ Kf6
34. Bd7 Qc5 35. Qh4+ Bg5 36. Qe1 Qe3 37. Qb4 Kg7 38. Re1 Qd2 39. Re7+ Kh6 40.
Qxd2 Bxd2 41. Bxf5 Bg5 0-1

[Event "Championnat de France - Accession"]
[Site "Aix-les-Bains"]
[Date "2007.??.??"]
[Round "9.13"]
[White "Fargere, Francois"]
[Black "Bailet, Pierre"]
[Result "1/2-1/2"]
[WhiteElo "2339"]
[BlackElo "2169"]
[PlyCount "72"]
[EventDate "2007.??.??"]

1. e4 c5 2. Nf3 d6 3. d4 cxd4 4. Nxd4 Nf6 5. Nc3 Nc6 6. Bc4 Qb6 7. Nxc6 bxc6 8.
O-O g6 9. Be3 Qc7 10. Bd4 Bg7 11. Re1 O-O 12. h3 e5 13. Be3 Be6 14. Bb3 d5 15.
Bg5 d4 16. Nb1 c5 17. Bxe6 fxe6 18. Nd2 Rf7 19. Qe2 Rb8 20. Nc4 Rbf8 21. Rf1
Nh5 22. Rad1 Qc6 23. b3 Qc7 24. g3 Rf3 25. Kg2 h6 26. Bc1 Kh7 27. Nd2 Rc3 28.
Nc4 Rcf3 29. Ba3 Qe7 30. Bc1 Qc7 31. a4 Qb7 32. Nd2 Rc3 33. Nb1 Rcf3 34. Ba3
Qe7 35. h4 g5 36. Nd2 g4 1/2-1/2

[Event "Championnat de France - Accession"]
[Site "Aix-les-Bains"]
[Date "2007.??.??"]
[Round "9.14"]
[White "Duquesnoy, Jean-Philippe"]
[Black "Van Elst, Andreas"]
[Result "0-1"]
[WhiteElo "2268"]
[BlackElo "2294"]
[PlyCount "66"]
[EventDate "2007.??.??"]

1. d4 Nf6 2. c4 g6 3. Nc3 Bg7 4. e4 d6 5. f4 c5 6. d5 O-O 7. Nf3 e6 8. Be2 exd5
9. cxd5 b5 10. e5 dxe5 11. fxe5 Ng4 12. Bg5 Qb6 13. O-O Nd7 14. e6 fxe6 15.
dxe6 Qxe6 16. Nxb5 Rb8 17. Nc7 Qe4 18. Bd3 Qb4 19. Ne6 c4 20. Nxf8 Nxf8 21. Be2
Qc5+ 22. Kh1 Rxb2 23. Rc1 c3 24. Rc2 Bf5 25. Bd3 Rxc2 26. Bxc2 Nf2+ 27. Rxf2
Qxf2 28. Bb3+ Kh8 29. Be7 c2 30. Qc1 Be4 31. Bh4 Qe2 32. Kg1 Bd4+ 33. Kh1 Bxf3
0-1

[Event "Championnat de France - Accession"]
[Site "Aix-les-Bains"]
[Date "2007.??.??"]
[Round "9.15"]
[White "Rouler, Charly"]
[Black "Buscara, Sevan"]
[Result "1-0"]
[WhiteElo "2284"]
[BlackElo "2048"]
[PlyCount "105"]
[EventDate "2007.??.??"]

1. d4 d5 2. c4 c6 3. Nf3 Nf6 4. Nc3 a6 5. e3 b5 6. b3 Bg4 7. Bd2 Nbd7 8. h3 Bh5
9. cxd5 Nxd5 10. Be2 e6 11. O-O Ba3 12. g4 Bg6 13. Nxd5 exd5 14. b4 a5 15. Qb3
axb4 16. Bxb4 Bxb4 17. Qxb4 Qe7 18. Qc3 Qf6 19. Rfc1 Rc8 20. Ne5 Nxe5 21. dxe5
Qe6 22. f4 O-O 23. f5 Bxf5 24. gxf5 Qxf5 25. Bg4 Qg5 26. Rf1 b4 27. Qd4 Rce8
28. Rf5 Qe7 29. Rc1 g6 30. Rf4 Qxe5 31. Qxe5 Rxe5 32. Rxc6 Rxe3 33. Rxb4 f5 34.
Kf2 Ra3 35. Bf3 Rxa2+ 36. Kg3 Ra3 37. h4 Rf7 38. Kf4 Kg7 39. Bxd5 Re7 40. Re6
Rxe6 41. Bxe6 Rh3 42. Ke5 Kh6 43. Kf6 Kh5 44. Bd5 Rxh4 45. Bf3+ Rg4 46. Rb7 Kh4
47. Rxh7+ Kg3 48. Bxg4 Kxg4 49. Ke5 f4 50. Ke4 g5 51. Rg7 Kh4 52. Kf3 Kh5 53.
Rg8 1-0

[Event "Championnat de France - Accession"]
[Site "Aix-les-Bains"]
[Date "2007.??.??"]
[Round "9.20"]
[White "Bleunven, Andre"]
[Black "Bissieres, Matthieu"]
[Result "1/2-1/2"]
[WhiteElo "2290"]
[BlackElo "2221"]
[PlyCount "37"]
[EventDate "2007.??.??"]

1. d4 d6 2. Nf3 Nf6 3. c4 g6 4. Nc3 Bg7 5. e4 O-O 6. Be2 e5 7. Be3 Ng4 8. Bg5
f6 9. Bh4 g5 10. Bg3 Nh6 11. d5 f5 12. exf5 Nxf5 13. Nd2 c5 14. Nde4 h6 15. Qd2
Nd7 16. f3 a6 17. Bf2 Nf6 18. Nxf6+ Qxf6 19. Bd3 1/2-1/2

[Event "Championnat de France - Accession"]
[Site "Aix-les-Bains"]
[Date "2007.??.??"]
[Round "9.22"]
[White "Le Goff, Damien"]
[Black "Giua, Frederic"]
[Result "1/2-1/2"]
[WhiteElo "2281"]
[BlackElo "2204"]
[PlyCount "36"]
[EventDate "2007.??.??"]

1. e4 e6 2. d4 d5 3. Nc3 Nf6 4. e5 Nfd7 5. f4 c5 6. Nf3 Nc6 7. Be3 cxd4 8. Nxd4
Bc5 9. Qd2 a6 10. O-O-O O-O 11. h4 Nxd4 12. Bxd4 b5 13. Qe3 Qc7 14. Rh3 b4 15.
Na4 Bxd4 16. Qxd4 Qa5 17. b3 Bb7 18. c3 Rfc8 1/2-1/2

[Event "Championnat de France - Accession"]
[Site "Aix-les-Bains"]
[Date "2007.??.??"]
[Round "9.25"]
[White "Forgues, Fabien"]
[Black "Tournier, Mathieu"]
[Result "1/2-1/2"]
[WhiteElo "2120"]
[BlackElo "2250"]
[PlyCount "49"]
[EventDate "2007.??.??"]

1. e4 e5 2. Nf3 Nc6 3. Bb5 a6 4. Ba4 Nf6 5. O-O b5 6. Bb3 Bc5 7. a4 Rb8 8. c3
d6 9. d4 Bb6 10. Na3 O-O 11. axb5 axb5 12. Nxb5 exd4 13. cxd4 Bg4 14. Ra4 Re8
15. Re1 Ba5 16. Na7 Bxf3 17. gxf3 Nxd4 18. Rxd4 Rxb3 19. Nc6 Qa8 20. Qxb3 Bxe1
21. Qa4 Qb7 22. Qc2 Nd7 23. Rd1 Nc5 24. Rxe1 Qxc6 25. b4 1/2-1/2

[Event "Championnat de France - Accession"]
[Site "Aix-les-Bains"]
[Date "2007.??.??"]
[Round "9.35"]
[White "Blanc, Sebastien"]
[Black "Drogou, Gerard"]
[Result "1-0"]
[WhiteElo "2141"]
[BlackElo "2159"]
[PlyCount "31"]
[EventDate "2007.??.??"]

1. d4 Nf6 2. Bg5 e6 3. e4 Be7 4. Bxf6 Bxf6 5. e5 Be7 6. Qg4 O-O 7. Nf3 f5 8.
exf6 Bxf6 9. Bd3 c5 10. h4 Qe7 11. Ng5 Bxg5 12. Bxh7+ Kxh7 13. hxg5+ Kg6 14.
Qh5+ Kf5 15. Qh7+ Kxg5 16. Qh4+ 1-0

[Event "Championnat de France - Accession"]
[Site "Aix-les-Bains"]
[Date "2007.??.??"]
[Round "10.2"]
[White "Riff, Jean-Noel"]
[Black "Robin, Samy"]
[Result "1/2-1/2"]
[WhiteElo "2460"]
[BlackElo "2321"]
[PlyCount "75"]
[EventDate "2007.??.??"]

1. e4 e5 2. Nf3 Nc6 3. Bb5 a6 4. Ba4 Nf6 5. O-O Be7 6. Re1 b5 7. Bb3 O-O 8. h3
Bb7 9. d3 d6 10. a3 Nb8 11. Nbd2 Nbd7 12. Nf1 Re8 13. Ng3 Bf8 14. Ng5 d5 15.
exd5 Nc5 16. c4 Nxb3 17. Qxb3 c6 18. dxc6 Bxc6 19. N5e4 bxc4 20. Nxf6+ Qxf6 21.
dxc4 Qg6 22. Qd1 f5 23. Qc2 Bc5 24. Kh2 f4 25. Qxg6 hxg6 26. Ne4 Bxe4 27. Rxe4
Bxf2 28. Bd2 Bd4 29. Bxf4 Bxb2 30. Ra2 exf4 31. Rxe8+ Rxe8 32. Rxb2 Rc8 33. Rc2
Kf7 34. g3 g5 35. Kg2 Ke6 36. Kf3 Kf5 37. c5 Rc6 38. Rc1 1/2-1/2

[Event "Championnat de France - Accession"]
[Site "Aix-les-Bains"]
[Date "2007.??.??"]
[Round "10.3"]
[White "Riff, Vincent"]
[Black "Cossin, Sebastien"]
[Result "0-1"]
[WhiteElo "2308"]
[BlackElo "2433"]
[PlyCount "110"]
[EventDate "2007.??.??"]

1. e4 c5 2. Ne2 d6 3. g3 Nf6 4. Bg2 g6 5. c3 Bg7 6. O-O O-O 7. d4 Na6 8. b3 Rb8
9. Bb2 b5 10. d5 e6 11. Nd2 exd5 12. exd5 Bf5 13. a4 b4 14. c4 Rb7 15. Re1 Re8
16. Nf1 Nb8 17. Ne3 Be4 18. Nf4 Rbe7 19. f3 Bf5 20. Qd2 Bc8 21. Nd3 Nh5 22.
Bxg7 Nxg7 23. Nf2 h5 24. Nc2 Bf5 25. Ne3 Bc8 26. Nc2 Rxe1+ 27. Rxe1 Rxe1+ 28.
Qxe1 Bf5 29. Ne3 Qe7 30. Kf1 Bb1 31. Qxb1 Qxe3 32. g4 Nd7 33. Qd3 Qc1+ 34. Qd1
Qf4 35. h3 Ne5 36. Ke2 f5 37. Nd3 Qg3 38. Kf1 fxg4 39. hxg4 h4 40. Nf2 Qf4 41.
Nh3 Qe3 42. Nf2 Ne8 43. Qe2 Qc1+ 44. Qe1 Qf4 45. Nd3 Qh2 46. Nxe5 dxe5 47. Qe4
Kg7 48. d6 Nxd6 49. Qc6 h3 50. Bxh3 Qxh3+ 51. Ke2 Qg2+ 52. Ke1 Qg1+ 53. Ke2 Nf7
54. a5 Qd4 55. a6 Qb2+ 0-1

[Event "Championnat de France - Accession"]
[Site "Aix-les-Bains"]
[Date "2007.??.??"]
[Round "10.4"]
[White "Benitah, Yohan"]
[Black "Lagarde, Maxime"]
[Result "1-0"]
[WhiteElo "2421"]
[BlackElo "2200"]
[PlyCount "89"]
[EventDate "2007.??.??"]

1. d4 Nf6 2. c4 g6 3. f3 d5 4. cxd5 Nxd5 5. e4 Nb6 6. Nc3 Bg7 7. Be3 Nc6 8. d5
Ne5 9. Bd4 O-O 10. f4 Ng4 11. Nf3 c5 12. Bxg7 Kxg7 13. Qd2 e6 14. d6 Bd7 15.
O-O-O Bc6 16. h3 Nf6 17. Qe3 Na4 18. Nxa4 Bxa4 19. Rd3 Bc6 20. Nd2 b5 21. g4 h6
22. Rg1 Nd7 23. e5 c4 24. Rd4 Nb6 25. f5 Nd5 26. f6+ Kh7 27. Qf2 Rh8 28. Rg3 a5
29. Kb1 Qb6 30. h4 Nb4 31. h5 g5 32. a3 Bd5 33. Qe3 Nc6 34. Rxd5 Qxe3 35. Rxe3
exd5 36. Bg2 d4 37. Be4+ Kg8 38. Bxc6 Rd8 39. Re1 c3 40. Nb3 c2+ 41. Kxc2 Rc8
42. Nxd4 Kh7 43. Kd3 Rhd8 44. Be4+ Kh8 45. Nc6 1-0

[Event "Championnat de France - Accession"]
[Site "Aix-les-Bains"]
[Date "????.??.??"]
[Round "10.5"]
[White "Terrieux, Kevin"]
[Black "Shirazi, Kamran"]
[Result "1-0"]
[WhiteElo "2331"]
[BlackElo "2401"]
[PlyCount "46"]

1. d4 Nf6 2. c4 d6 3. Nc3 Bf5 4. g3 e5 5. Nf3 Ne4 6. dxe5 Nxc3 7. bxc3 Nc6 8.
Nd4 Be4 9. f3 dxe5 10. Nb3 Qxd1+ 11. Kxd1 O-O-O+ 12. Bd2 Bf5 13. e4 Be6 14. Kc2
f5 15. Bd3 fxe4 16. fxe4 Be7 17. Be3 Rhf8 18. Rhf1 Bh3 19. Rxf8 Rxf8 20. Be2
Nd8 21. a4 a6 22. a5 Ne6 23. Re1 h6 1-0

[Event "Championnat de France - Accession"]
[Site "Aix-les-Bains"]
[Date "2007.??.??"]
[Round "10.6"]
[White "Jolly, Jean-Francois"]
[Black "Rainfray, Arnaud"]
[Result "0-1"]
[WhiteElo "2315"]
[BlackElo "2393"]
[PlyCount "70"]
[EventDate "2007.??.??"]

1. e4 c5 2. Nf3 Nc6 3. d4 cxd4 4. Nxd4 Nf6 5. Nc3 e5 6. Ndb5 d6 7. Nd5 Nxd5 8.
exd5 Ne7 9. c3 Nf5 10. a4 g6 11. Be2 Bg7 12. O-O O-O 13. Na3 Bd7 14. Nc4 Qc7
15. Qb3 Rab8 16. a5 b5 17. axb6 axb6 18. Na3 b5 19. Nc2 Qb7 20. Bd2 Ra8 21. g3
h5 22. Nb4 h4 23. Bf3 Rfe8 24. Rxa8 Qxa8 25. Re1 Qa7 26. Nc6 Qb6 27. Qb4 Ra8
28. b3 Ra2 29. Rd1 Bh6 30. c4 h3 31. g4 Nd4 32. Nxd4 Qxd4 33. Be1 Qf4 34. Qc3
Bxg4 35. Rd3 b4 0-1

[Event "Championnat de France - Accession"]
[Site "Aix-les-Bains"]
[Date "2007.??.??"]
[Round "10.7"]
[White "Moussard, Jules"]
[Black "Vernay, Clovis"]
[Result "0-1"]
[WhiteElo "2239"]
[BlackElo "2381"]
[PlyCount "140"]
[EventDate "2007.??.??"]

1. e4 e6 2. d4 d5 3. Nc3 Nf6 4. Bg5 dxe4 5. Nxe4 Nbd7 6. Nf3 h6 7. Nxf6+ Nxf6
8. Bf4 Nd5 9. Be5 c5 10. Bb5+ Bd7 11. Bxd7+ Qxd7 12. O-O f6 13. c4 Nb6 14. Qc2
O-O-O 15. Rfd1 Qc6 16. Bg3 Bd6 17. d5 exd5 18. cxd5 Qc7 19. Rac1 Bxg3 20. hxg3
Rxd5 21. Rxd5 Nxd5 22. Qf5+ Qd7 23. Rxc5+ Nc7 24. Qf4 Rd8 25. Rc4 Qd6 26. Qg4+
Qd7 27. Qf4 Qf7 28. Rc1 g5 29. Qf5+ Kb8 30. Qc5 Ne6 31. Qc4 Qd7 32. Re1 Nc7 33.
Qc5 Re8 34. Rxe8+ Nxe8 35. Qf8 h5 36. Kh2 a6 37. b4 Ka7 38. Qc5+ b6 39. Qf8 Kb7
40. a3 Kc6 41. Qh6 Kb5 42. Qxh5 Ka4 43. Qg6 Kxa3 44. Qb1 Ka4 45. Qb2 Qh7+ 46.
Kg1 Qd3 47. Nd4 Nd6 48. Qa2+ Kxb4 49. Qb2+ Kc5 50. Nc2 Ne4 51. Qb4+ Kd5 52.
Ne3+ Kc6 53. Qe7 a5 54. Qe6+ Kb7 55. Nd5 Qb1+ 56. Kh2 Nc5 57. Qe7+ Kc6 58. Nc3
Qf5 59. Qe8+ Kb7 60. Qf7+ Nd7 61. Nd5 b5 62. Nxf6 Kc6 63. Nxd7 Qxf7 64. Ne5+
Kd5 65. Nxf7 a4 66. Nh6 a3 67. Nf5 a2 68. Ne3+ Kd4 69. Nc2+ Kc3 70. Na1 Kb2 0-1

[Event "Championnat de France - Accession"]
[Site "Aix-les-Bains"]
[Date "2007.??.??"]
[Round "10.8"]
[White "Van Elst, Andreas"]
[Black "Bedouin, Xavier"]
[Result "1-0"]
[WhiteElo "2294"]
[BlackElo "2357"]
[PlyCount "129"]
[EventDate "2007.??.??"]

1. d4 Nf6 2. c4 g6 3. Nc3 Bg7 4. e4 d6 5. Nf3 O-O 6. Be2 e5 7. O-O Na6 8. Be3
Ng4 9. Bg5 Qe8 10. dxe5 dxe5 11. h3 f6 12. Bd2 Nh6 13. c5 Nxc5 14. Qc1 Nf7 15.
Nd5 Ne6 16. Nxc7 Nxc7 17. Qxc7 Nd8 18. Bc4+ Be6 19. Bxe6+ Qxe6 20. Rfc1 Rf7 21.
Qc4 Qe8 22. Be3 Kh8 23. Rd1 Bf8 24. Rac1 Ne6 25. Qb3 b6 26. Rc4 Rd7 27. Rxd7
Qxd7 28. Qc2 Rd8 29. Kh2 Bd6 30. g3 Kg7 31. Kg2 Qb7 32. b4 Qf7 33. a3 Qd7 34.
Qb3 Be7 35. Rc2 Nd4 36. Bxd4 exd4 37. Rd2 d3 38. Qc3 Qe6 39. Rxd3 Qxe4 40. Rxd8
Bxd8 41. Qd4 Qe8 42. Qd5 b5 43. Nd4 Bb6 44. Nxb5 Qe2 45. Nd4 Bxd4 46. Qxd4 Qe7
47. a4 g5 48. Qc5 Qd7 49. b5 h5 50. a5 f5 51. Qc6 Qd4 52. b6 axb6 53. axb6 h4
54. b7 hxg3 55. Qc7+ Kg6 56. Qxg3 Qd5+ 57. Qf3 Qb5 58. Kh2 Qb6 59. h4 gxh4 60.
Kh3 Qb5 61. Kxh4 Kf6 62. Qc3+ Ke6 63. Qc8+ Kf6 64. b8=Q Qa4+ 65. f4 1-0

[Event "Championnat de France - Accession"]
[Site "Aix-les-Bains"]
[Date "2007.??.??"]
[Round "10.9"]
[White "Bujisho, Benjamin"]
[Black "Olivier, Jean-Christophe"]
[Result "1/2-1/2"]
[WhiteElo "2384"]
[BlackElo "2403"]
[PlyCount "142"]
[EventDate "2007.??.??"]

1. d4 Nf6 2. Nf3 e6 3. c3 b6 4. Bg5 Bb7 5. Nbd2 Be7 6. h4 Ne4 7. Bxe7 Qxe7 8.
Nxe4 Bxe4 9. Ng5 Bb7 10. Qd3 h6 11. Nf3 c5 12. O-O-O d6 13. dxc5 dxc5 14. Ne5
Nc6 15. Qg3 Nxe5 16. Qxg7 Ng6 17. h5 Qf8 18. Qf6 Qe7 19. Qg7 Qf8 20. Qf6 Ne7
21. e4 Rg8 22. Qe5 Nc6 23. Bb5 Qe7 24. Kb1 Kf8 25. Qf4 Kg7 26. Rh3 Kh7 27. e5
Rg5 28. Qe4+ Kg7 29. Bxc6 Rd8 30. Re1 Bxc6 31. Qxc6 Rd2 32. Qf3 Qd8 33. Kc1 Rd5
34. Qe4 Rdxe5 35. Qxe5+ Rxe5 36. Rxe5 Qf6 37. Re2 Kf8 38. f3 Qf4+ 39. Rd2 Qc4
40. a3 b5 41. Rg3 Qh4 42. Rg4 Qxh5 43. Re4 Ke7 44. Re1 Qg5 45. Red1 h5 46. Kb1
a5 47. Re2 h4 48. Rh1 b4 49. axb4 axb4 50. cxb4 cxb4 51. Kc2 b3+ 52. Kd3 Qb5+
53. Ke3 Qc4 54. Rhe1 e5 55. Kf2 Qd4+ 56. Kf1 f6 57. Rf2 Ke6 58. Kg1 f5 59. Ref1
Kf6 60. Kh1 Kg5 61. Re2 Kf4 62. Kh2 Qd6 63. Rfe1 Qd4 64. Rf1 Kg5 65. f4+ exf4
66. Rf3 Qd5 67. Ref2 Qe5 68. Rd2 h3 69. gxh3 Qe4 70. Rdf2 Qd5 71. Rxf4 Qe5 {
suite ilisible} 1/2-1/2